000
00202 a2200097 4500
001
30834
100
_a
Riaz, F
245
_a
Udhoora Aadmi
260
_a
Lahore
_b
Dar-ul-Ishhat
_c
090
_c
20731
_d
20731
942
_a
NUST-CAE
_c
M
_c
11927
999
_c
265907
_d
265907